000 00715cam a2200181K 4500
082 _a355.02
_bRED
_cD
100 1 _aRedway, G. W.
_949608
245 1 0 _aFredericksburg, a study in war
_cby Major G.W. Redway ... With five maps.
260 _aLondon,
_bS. Sonnenschein & Co.;
_aNew York,
_bMacmillar Co.,
_c1906.
300 _a1 online resource (xvi, 297, [1] p.)
_bincl. map. 5 fold. maps.
500 _aFolded maps in pocket.
500 _aPages [i-iv], advertising matter.
526 _a0
_b0
_c0
_d355_020000000000000_RED
650 0 _aFredericksburg, Battle of, Fredericksburg, Va., 1862.
_949609
650 0 _aMCE
_9379
856 4 0 _uhttp://catalog.hathitrust.org/api/volumes/oclc/4799319.html
942 _2ddc
_cBK
999 _c552394
_d552394